1358 1097 1619 1976 1395 1891 1172 1742 1336 1514 1587 1487 1325 1284 1393 1234 1575 1665 1897 1346 1523 1901 1733 1722 1285 1772 1368 1850 1510 1344 1054 1655 1910 1823 1959 1097 1406 1177 1640 1208 1135 1798 1239 1195 1781 1652 1118 1464 1626 1834 1456 1067 1929 1001 1144 1493 1189 1782 1939 1177 1517 1554 1135 1662 1304 1346 1426 1623 1659 1923 1833 1081 1707 1450 1841 1364 1456 1992 1936 1353 1149 1000 1113 1930 1247 1575 1268 1102 1519 1620 1179 1717 1903 1227 1362 1079 1280 1087 1703 BCNSPRNW ULIB Ver.6.0+V

เปลี่ยนเป็นภาษาไทย

Change to English
 แสดงรายละเอียดบรรณานุกรม
  กลับหน้าหลัก

Brief Record : Get Marc (ISO 2709) : E-mail record : QR code < ปิดหน้าต่าง
LEADER : 00000nam 2200000uu 4500
001    13399125037
003     ULIB
008    160529s2558||||th 000 0 tha d
020    ^a9786163745958
050  4 ^aHA32^bก399ก
110 1  ^aจุฬาลงกรณ์มหาวิทยาลัย. ^bคณะพาณิชยศาสตร์และการบัญชี. ^bภาควิชาสถิติ
245 10 ^aการใช้ SPSS for windows ในการวิเคราะห์ข้อมูล /^cกัลยา วานิชย์บัญชา, ฐิตา วานิชย์บัญชา
250    ^aพิมพ์ครั้งที่ 15
260    ^aกรุงเทพฯ :^bภาควิชาสถิติ คณะพาณิชยศาสตร์และการบัญชี จุฬาลงกรณ์มหาวิทยาลัย,^c2558
300    ^a[27], 531 หน้า :^bภาพประกอบ ;^c26 ซม.
650  4 ^aสถิติ^xโปรแกรมคอมพิวเตอร์
650  4 ^aสังคมศาสตร์^xการประมวลผลข้อมูล
650  4 ^aเอสพีเอสเอส (โปรแกรมคอมพิวเตอร์)
650  4 ^aเอสพีเอสเอสสำหรับวินโดวส์
700 0  ^aกัลยา วานิชย์บัญชา,^eบรรณาธิการ
700 0  ^aฐิตา วานิชย์บัญชา,^eบรรณาธิการ
945    ^p370^l0^i23771
945    ^p370^l0^i23772
945    ^p370^l0^i23773
999    ^aทศพร เกษรทอง
รายการนี้ยังไม่มีแท็ก
คุณยังไม่ได้ล็อกอิน คุณสามารถมีกิจกรรมร่วมกับเว็บไซต์ได้ แต่ต้องล็อกอินก่อน ::
  ล็อกอิน

รายการสื่อสารสนเทศ

ลำดับที่ ประเภท เลขเรียก/บาร์โค้ด สถานที่ สถานะ
1. การศึกษาทั่วไป
การศึกษาทั่วไป
HA32 ก399ก ฉ.1 
  Barcode: 23771
ห้องสมุดวิทยาเขตนครสวรรค์
►หนังสือทั่วไป:l:General Books
บนชั้น
2. การศึกษาทั่วไป
การศึกษาทั่วไป
HA32 ก399ก ฉ.2 
  Barcode: 23772
ห้องสมุดวิทยาเขตนครสวรรค์
►หนังสือทั่วไป:l:General Books
บนชั้น
3. การศึกษาทั่วไป
การศึกษาทั่วไป
HA32 ก399ก ฉ.3 
  Barcode: 23773
ห้องสมุดวิทยาเขตนครสวรรค์
►หนังสือทั่วไป:l:General Books
บนชั้น

รายการใกล้เคียง
    หัวเรื่อง [เอสพีเอสเอส (โปรแกรมคอมพิวเตอร์)]
    หัวเรื่อง [เอสพีเอสเอสสำหรับวินโดวส์]

BibComment


ยังไม่เคยถูกคอมเมนท์

คอมเมนท์ทรัพยากรรายการนี้
  คอมเมนท์: การใช้ SPSS for ..


 Copyright 2026. Bcnsprnw @Library